Statistiques concernant Animaux en B

Cliquez ici pour prendre le quiz!

Statistiques générales

  • Ce quiz a été pris 196 fois
    (150 depuis la dernière actualisation)
  • Le résultat moyen est 17 sur 175

Statistiques - réponses

hintanswers% Correct
2Babouin
76%
11Baleine
74%
75Biche
57%
19Bar
55%
118Bouc
55%
139Brebis
50%
102Boa
49%
158Buffle
48%
174Buse
46%
90Bison
45%
58Belette
42%
122Bouquetin
36%
92Blaireau
34%
123Bourdon
34%
106Boeuf
33%
96Blatte
32%
68Berger
31%
12Baleineau
29%
35Barracuda
29%
59Belier
28%
78Bichon
27%
62Beluga
26%
113Bonobo
26%
168Bulot
25%
80Bighorn
24%
81Bigorneau
23%
86Bique
23%
130Bouvier
20%
144Brochet
20%
87Biquet
18%
129Bousier
17%
10Balbuzard
16%
73Bernard-L'Ermite
16%
76Bichette
16%
88Biquette
16%
120Bouledogue
16%
39Basilic
15%
160Bufflon
15%
164Bull
15%
40Basset
14%
3Babouine
13%
172Busard
12%
161Bufflonne
11%
1Babiroussa
10%
28Barbu
10%
50Becassin
10%
72Bernache
10%
133Boxer
10%
165Bulldog
10%
132Bouvreuil
9%
89Birman
8%
175Butor
8%
22Barbe
7%
64Bengal
7%
71Bergeronnette
7%
111Bongo
7%
15Baliste
6%
23Barbeau
6%
44Baudet
6%
46Beagle
6%
51Becassine
6%
54Bec-En-Sabot
6%
61Belouga
6%
79Bichonne
6%
66Benitier
5%
74Bete
5%
125Bourrique
5%
45Baudroie
4%
85Binturong
4%
99Bleu
4%
101Blongios
4%
137Braque
4%
167Bull-Terrier
4%
14Balinais
3%
25Barbier
3%
31Bardot
3%
32Barge
3%
33Baribal
3%
47Beauceron
3%
52Bec-Croise
3%
65Bengali
3%
69Bergere
3%
82Bihoreau
3%
98Blennie
3%
100Blobfish
3%
104Bobtail
3%
108Bombyx
3%
110Bongare
3%
114Boomslang
3%
126Bourriquet
3%
131Bouviere
3%
134Brachiosaure
3%
140Breme
3%
141Breton
3%
146Brontosaure
3%
151Bruant
3%
152Bruche
3%
156Bucephale
3%
4Babouk
2%
5Bacille
2%
6Bagadais
2%
7Baiji
2%
29Bardeau
2%
37Barzoi
2%
38Basenji
2%
84Billard
2%
91Blageon
2%
93Blanchet
2%
95Blaps
2%
107Bogue
2%
109Bondree
2%
112Bonite
2%
115Bostryche
2%
124Bourricot
2%
128Bouscarle
2%
142Breve
2%
145Brocheton
2%
147Brosme
2%
149Broutard
2%
153Bubale
2%
154Bucarde
2%
155Buccin
2%
163Bulbul
2%
166Bullmastiff
2%
170Burmese
2%
8Baise
1%
9Balaou
1%
13Baleinoptere
1%
16Baluchitherium
1%
17Bancloche
1%
18Bandicoot
1%
20Barbacou
1%
21Barbastelle
1%
24Barbican
1%
26Barbillon
1%
27Barbion
1%
30Bardelle
1%
34Barite
1%
36Bartramie
1%
41Bateleur
1%
42Bathmocerque
1%
43Bathynome
1%
48Beauclaire
1%
49Beaumarquet
1%
53Bec-En-Ciseaux
1%
55Becfigue
1%
56Bec-Ouvert
1%
57Bejaune
1%
60Belon
1%
63Bembex
1%
67Bequet
1%
70Bergerette
1%
77Bichique
1%
83Bilharzie
1%
94Blanchon
1%
97Blazer
1%
103Boarmie
1%
105Boerboel
1%
116Bothriocephale
1%
117Boto
1%
119Bouclier
1%
121Boulonnais
1%
127Bourrugue
1%
135Brachyoure
1%
136Brachypterolle
1%
138Brassemer
1%
143Brillant
1%
148Brotule
1%
150Broutart
1%
157Bucorve
1%
159Buffletin
1%
162Buhund
1%
169Bupreste
1%
171Busaigle
1%
173Busautour
1%

Distribution des résultats

Percentile par nombre de réponses

% des personnes avec chaque résultat

Votre développement - résultats

Vous n’avez pas pris ce quiz depuis la dernière actualisation